<?xml version="1.0" encoding="UTF-8"?><?xml-stylesheet type="text/xsl" href="static/style.xsl"?><OAI-PMH xmlns="http://www.openarchives.org/OAI/2.0/" xmlns:xsi="http://www.w3.org/2001/XMLSchema-instance" xsi:schemaLocation="http://www.openarchives.org/OAI/2.0/ http://www.openarchives.org/OAI/2.0/OAI-PMH.xsd"><responseDate>2026-04-26T22:01:39Z</responseDate><request verb="GetRecord" identifier="oai:uvadoc.uva.es:10324/4941" metadataPrefix="marc">https://uvadoc.uva.es/oai/request</request><GetRecord><record><header><identifier>oai:uvadoc.uva.es:10324/4941</identifier><datestamp>2022-05-05T17:12:26Z</datestamp><setSpec>com_10324_38</setSpec><setSpec>col_10324_787</setSpec></header><metadata><record xmlns="http://www.loc.gov/MARC21/slim" xmlns:doc="http://www.lyncode.com/xoai" xmlns:xsi="http://www.w3.org/2001/XMLSchema-instance" xmlns:dcterms="http://purl.org/dc/terms/" xsi:schemaLocation="http://www.loc.gov/MARC21/slim http://www.loc.gov/standards/marcxml/schema/MARC21slim.xsd">
<leader>00925njm 22002777a 4500</leader>
<datafield tag="042" ind1=" " ind2=" ">
<subfield code="a">dc</subfield>
</datafield>
<datafield tag="720" ind1=" " ind2=" ">
<subfield code="a">López Tamayo, Juan José</subfield>
<subfield code="e">author</subfield>
</datafield>
<datafield tag="260" ind1=" " ind2=" ">
<subfield code="c">2012</subfield>
</datafield>
<datafield tag="520" ind1=" " ind2=" ">
<subfield code="a">El presente documento resume las tareas realizadas en el Departamento de PRL de una planta de producción del sector de la automoción que fabrica componentes plásticos. Las principales tareas han sido fundamealmente la Evaluación de Riesgos Laborales,coordinación de actividades empresariales, estudios ergonómicos a operarios de línea de montaje, mantenimiento de sistemas Osha 18001 e ISO 14001, etc.</subfield>
</datafield>
<datafield tag="024" ind2=" " ind1="8">
<subfield code="a">http://uvadoc.uva.es/handle/10324/4941</subfield>
</datafield>
<datafield ind1=" " ind2=" " tag="653">
<subfield code="a">Prevención de Riesgos</subfield>
</datafield>
<datafield tag="245" ind1="0" ind2="0">
<subfield code="a">Colaboración con el Departamento de Seguridad y Medio Ambiente en tareas relacionadas con la prevención de riesgos laborales</subfield>
</datafield>
</record></metadata></record></GetRecord></OAI-PMH>